000 00360 a2200169 4500
001 44159
020 _a8574097152
040 _cAnchieta - Aquarius
100 _aAlmeida, Lana
240 1 0 _aO tamanho do dia
_lpor
245 1 0 _aO tamanho do dia
300 _a24
362 0 _a0
440 1 _aBagaço
650 4 _aLiteratura infanto-juvenil
942 _cBK
999 _c44159
_d44159